Applications of Finite Groups
Αποθηκεύτηκε σε:
| Κύριος συγγραφέας: | |
|---|---|
| Μορφή: | Βιβλίο |
| Γλώσσα: | English |
| Δημοσίευση: |
New York :
Dover Publications,
1993
|
| Θέματα: | |
| Ετικέτες: |
Προσθήκη ετικέτας
Δεν υπάρχουν, Καταχωρήστε ετικέτα πρώτοι!
|
MARC
| LEADER | 00000nam a2200000 i 4500 | ||
|---|---|---|---|
| 001 | 1/38992 | ||
| 008 | 950131s1993 eng d | ||
| 020 | |a 0-486-67376-6 | ||
| 035 | |a 1994 |c ΚΕΧΑΓΙΑΣ |l 10040900 | ||
| 040 | |a GR-MY-UA |b gre |e aacr | ||
| 041 | 0 | |a eng | |
| 082 | 0 | |a 512.2 | |
| 100 | 1 | |a Lomont, John S. |d 1924- | |
| 245 | 1 | 0 | |a Applications of Finite Groups / |c J.S. Lomont |
| 260 | |a New York : |b Dover Publications, |c 1993 | ||
| 300 | |a 346 p.; |c 22 cm. | ||
| 500 | |a Includes bibliographical references and index | ||
| 500 | |a Reprint. Originally published: New York : Academic Press, 1959. | ||
| 650 | 0 | 0 | |a Finite groups. |
| 650 | 0 | 0 | |a Matrices. |
| 650 | 0 | 0 | |a Mathematical physics. |
| 852 | |a INST |b SAMOS |e 19950131 |h 512.2 LOM |p 005300006022 |q 005300006022 |t BK |y 0 | ||
| 909 | |a Σ |b 038702 | ||